| 000 | 00775nam a22002417a 4500 | ||
|---|---|---|---|
| 003 | UA-OsUOA | ||
| 001 | 110921 | ||
| 007 | ta | ||
| 008 | 20150415b un ||||| |||| 00| 0 ukr d | ||
| 090 |
_a659 _bС76 |
||
| 942 | _cMG | ||
| 040 |
_aUA-OsUOA _bukr _cUA-OsUOA _dUA-OsUOA |
||
| 245 |
_aСтандартизація. Сертифікація. Якість _cЗаст. гол. ред. Воротинцев Ю.Ю. |
||
| 300 | _a71 с. | ||
| 955 | _a1 | ||
| 041 | _aukr | ||
| 080 | _a659 | ||
| 260 | _aК. | ||
| 246 | 3 | 1 |
_aНауково-технічний журнал _n |
| 044 | _aUA | ||
| 962 | _a1998 | ||
| 650 | 7 |
_a659 Реклама. Система інформації. Громадська інформація та реклама (Паблик-Рилейшнз) _2UDC |
|
| 999 |
_c397181 _d397181 |
||